Les 2 villes les plus peuplées par région française en R - Statistiques

Statistiques générales
  • Ce quiz a été pris 80 fois
  • Le résultat moyen est 9 sur 26
Statistiques - réponses
Régions Départements Population Villes % Correct
Bretagne Ille et Vilaine 228 000 Rennes
99%
Grand Est Marne 178 000 Reims
93%
Normandie Seine Maritime 116 000 Rouen
90%
Hauts de France Nord 100 000 Roubaix
85%
Pays de la Loire Vendée (La) 55 000 La Roche sur Yon
82%
Occitanie Aveyron 24 000 Rodez
66%
Loire Atlantique 47 000 Rézé
60%
Auvergne Rhône Alpes Loire 35 000 Roanne
59%
Charente Maritime 29 000 Royan
53%
Nouvelle Aquitaine Charente Maritime 23 000 Rochefort
50%
Île de France Hauts de Seine 81 000 Rueil Malmaison
40%
Drôme 33 000 Romans sur Isère
34%
Centre Val de Loire Loir et Cher 18 000 Romorantin-Lanthenay
28%
Seine Saint Denis 46 000 Rosny-sous-Bois
24%
Bourgogne Franche Comté Jura (Les) 4 000 Les Rousses
21%
Aube 15 000 Romilly sur Seine
15%
Indre et Loire (La) 10 000 La Riche
10%
Finistère (Le) 12 000 Le Relecq-Kerhuon
7%
Haute Garonne 15 000 Ramonville-Saint-Agne
7%
Nord 19 000 Ronchin
6%
Alpes Maritimes 12 000 Roquebrune-Cap-Martin
3%
Provence Alpes Côte d’Azur Bouches du Rhône 15 000 Roquebrune-sur-Argens
3%
Haute Saône 3 000 Ronchamp
1%
Seine Maritime 4 000 Rives-en-Seine
0%
Corse Haute Corse 500 Rogliano
0%
Haute Corse 500 Rutali
0%
Aucun quiz correspondant
Distribution des résultats
% des personnes avec chaque résultat
Percentile par nombre de réponses
Votre historique - résultats
Vous n’avez pas pris ce quiz